000 00312nam a2200121Ia 4500
008 190216s9999||||xx |||||||||||||| ||und||
100 _aMark Twain
245 4 _aThe Adventures Of Tom Sawyer
260 _bThe Macmillian Co. Of India Ltd
_c1979
300 _a158p
650 _aEnglish Short Stories
942 _cBK
999 _c13014
_d13014